00225nam a2200085Ia 450000100070000000500170000700800410002424500500006526000240011587269020250826181242.0250824s9999 xx 000 0 und d 0aMÜREBBİYEcHÜSEYİN RAHMİ GÜRPINAR bÖZGÜR YAYINLARI